Statistics for Billie Eilish Songs

Click here to take the quiz!

General Stats

  • This quiz has been taken 79 times
    (28 since last reset)
  • The average score is 24 of 30

Answer Stats

Album # Answer % Correct
WHEN WE ALL FALL ASLEEP, WHERE DO WE GO?2bad guy
100%
dont smile at me1COPYCAT
91%
WHEN WE ALL FALL ASLEEP, WHERE DO WE GO?7when the party's over
91%
dont smile at me2idontwannabeyouanymore
91%
dont smile at me3my boy
86%
WHEN WE ALL FALL ASLEEP, WHERE DO WE GO?13i love you
86%
WHEN WE ALL FALL ASLEEP, WHERE DO WE GO?11ilomilo
86%
dont smile at me7ocean eyes
86%
WHEN WE ALL FALL ASLEEP, WHERE DO WE GO?10bury a friend
86%
WHEN WE ALL FALL ASLEEP, WHERE DO WE GO?3xanny
86%
WHEN WE ALL FALL ASLEEP, WHERE DO WE GO?4you should see me in a crown
86%
WHEN WE ALL FALL ASLEEP, WHERE DO WE GO?6wish you were gay
86%
WHEN WE ALL FALL ASLEEP, WHERE DO WE GO?14goodbye
82%
WHEN WE ALL FALL ASLEEP, WHERE DO WE GO?9my strange addiction
82%
SinglesNo Time To Die
82%
dont smile at me4watch
82%
dont smile at me6bellyache
82%
WHEN WE ALL FALL ASLEEP, WHERE DO WE GO?5all the good girls go to hell
77%
dont smile at me8hostage
77%
WHEN WE ALL FALL ASLEEP, WHERE DO WE GO?12listen before i go
77%
Singleslovely (ft. Khalid)
77%
WHEN WE ALL FALL ASLEEP, WHERE DO WE GO?88
77%
dont smile at me9&burn
73%
dont smile at me5party favor
73%
SinglesSix Feet Under
73%
Singleseverything i wanted
73%
SinglesBored
68%
Singlesbitches broken hearts
68%
Singlescome out and play
64%
SinglesWHEN I WAS OLDER
64%

Score Distribution

Percentile by Number Answered

Percent of People with Each Score

Your Score History

You have not taken this quiz since the last reset